Rappeurs par lettre - B - Statistiques

Statistiques générales
  • Ce quiz a été pris 236 fois
  • Le résultat moyen est 4 sur 10
Statistiques - réponses
Albums notable Rappeur % Correct
Ouest Side, Néro Némésis Booba
94%
Les yeux plus gros que le monde Black M
59%
La cour des grands, La vraie vie Bigflo & Oli
43%
Au clair de la rue Benab
39%
La sans pitax Brulux
37%
CDG, NHB Benash
32%
Synkinisi Bosh
31%
Anarchiste, Salut les terriens Bolémvn
25%
Losa, Substance Bramsito
25%
Fantôme avec chauffeur Benjamin Epps
18%
Aucun quiz correspondant
Distribution des résultats
% des personnes avec chaque résultat
Percentile par nombre de réponses
Votre historique - résultats
Vous n’avez pas pris ce quiz